Brzi klik - Statistics

General Stats
  • This quiz has been taken 123 times
  • The average score is 16 of 35
Answer Stats
Hint Answer % Correct
B B
93%
F F
90%
I I
90%
3 3
88%
4 4
86%
A A
86%
D D
86%
Q Q
86%
O O
83%
J J
81%
P P
81%
U U
81%
N N
80%
6 6
76%
X X
69%
8 8
61%
7 7
59%
Y Y
58%
Z Z
49%
S S
41%
K K
27%
T T
20%
1 1
15%
E E
8%
W W
8%
5 5
7%
G G
7%
M M
7%
9 9
5%
V V
5%
H H
3%
C C
2%
R R
2%
2 2
0%
L L
0%
No matching quizzes found
Score Distribution
Percent of People with Each Score
Percentile by Number Answered
Your Score History
You have not taken this quiz